[Event "Stay Safe Play From Home 144"]
[Site "T#645981Emanuel Laske"]
[Date "2020.05.12"]
[Round "1"]
[White "Lazieri3"]
[Black "matanant"]
[Result "0-1"]
[WhiteElo "2118"]
[BlackElo "1584"]
[Annotator "TA"]
[PlyCount "31"]
[EventDate "2020.05.12"]
[EventType "swiss (blitz)"]

{[%evp 9,31,0,14,0,0,0,0,0,3,3,19,0,21,-15,0,-70,-62,-64,-62,-65,-16,-44,-37,-25]} 1. e4 e5 2. Nc3 Nf6 3. Nf3 Nc6 4. Be2 Bc5 5. d3 h6 6. Be3 {C47: Scotch Four Knights and Four Knights with 4 g3.} Bxe3 7. fxe3 O-O 8. O-O {The position is equal.} d5 9. exd5 Nxd5 10. Nxd5 Qxd5 {[#]} 11. b3 $146 ({Predecessor:} 11. Kh1 f5 12. c4 Qd6 13. d4 e4 14. Nd2 Bd7 15. c5 Qe7 16. b4 Be6 17. Qa4 a6 18. Bc4 Bxc4 19. Nxc4 Qe6 20. Qb3 f4 21. Rac1 fxe3 22. Qxe3 Rxf1+ {0-1 (22) Moraes,M (1739)-Calcado,A (2163) Curitiba 2013}) 11... Bg4 12. e4 (12. Nh4 $11 Bd7 13. Bg4) 12... Qc5+ $15 13. Kh1 Bxf3 14. Bxf3 Nd4 15. Rc1 Qc3 16. Qe1 {[%mdl 32768] Accuracy: White = 64%, Black = 88%. . Loss on time!?} 0-1

[Event "Stay Safe Play From Home 144"]
[Site "T#645981Emanuel Laske"]
[Date "2020.05.12"]
[Round "1"]
[White "Kongle"]
[Black "Little champs"]
[Result "0-1"]
[WhiteElo "1865"]
[BlackElo "2139"]
[Annotator "TA"]
[PlyCount "32"]
[EventDate "2020.05.12"]
[EventType "swiss (blitz)"]

{[%evp 9,32,-3,85,8,8,8,8,8,12,-16,27,8,0,0,10,-38,-38,-89,0,0,-14,-103,99,98,98]} 1. e4 c6 2. Nf3 d5 3. e5 Bg4 4. d4 e6 5. Be2 f6 {[#]} (5... c5 $11) 6. c3 $146 {B10: Caro-Kann: 2 d3 and 2 c4.} (6. Nbd2 $16) ({Predecessor:} 6. Nc3 Nd7 7. Qd3 Bxf3 8. Bxf3 fxe5 9. Bh5+ g6 10. Bxg6+ hxg6 11. Qxg6+ Ke7 12. Bg5+ {1-0 (63) Mueller,R-Martin,D playchess.com INT 2008}) 6... Bxf3 $11 7. Bxf3 fxe5 8. dxe5 {The position is equal.} Nd7 9. Bf4 Qc7 10. Qe2 O-O-O 11. Nd2 Ne7 12. Bg3 Ng6 {[%cal Rg6e5]} 13. O-O (13. Bg4 $15) 13... Ndxe5 (13... Ngxe5 $17 14. Bg4 Re8) 14. Bh5 {Strongly threatening Bxg6.} Bd6 15. f4 {[#]} (15. Rae1 $11) 15... Nc4 $2 (15... Nd7 $1 $17 {[%cal Rg6f4] and life is bright.} 16. Bxg6 hxg6) 16. Nxc4 $16 dxc4 {[%mdl 32768] Accuracy: White = 46%, Black = 61%. . Loss on time!?} 0-1

[Event "Stay Safe Play From Home 144"]
[Site "T#645981Emanuel Laske"]
[Date "2020.05.12"]
[Round "1"]
[White "Lucknow"]
[Black "rohit2007"]
[Result "1-0"]
[WhiteElo "1783"]
[BlackElo "2017"]
[Annotator "TA"]
[PlyCount "40"]
[EventDate "2020.05.12"]
[EventType "swiss (blitz)"]

{[%evp 25,40,17,54,43,129,108,120,109,117,41,145,152,960,981,1392,1399,1291]} 1. d4 Nf6 2. c4 e6 3. Nf3 b6 4. g3 Ba6 5. b3 Bb4+ 6. Bd2 Be7 7. Bc3 O-O 8. Bg2 Bb7 9. O-O c5 10. dxc5 bxc5 11. Bb2 Nc6 12. Nc3 d5 13. cxd5 exd5 14. Na4 {D30: Queen's Gambit Declined: Systems without Nc3.} d4 {[#]} ({Black should try} 14... Rc8 $14) 15. Rc1 $1 $16 Qa5 {[#]} 16. Qd2 $146 {Strongly threatening Qxa5.White is better.} ({Predecessor:} 16. Nxd4 Nxd4 17. Bxb7 Rad8 18. Qe1 Qb5 19. Bf3 Nxf3+ 20. exf3 Rfe8 21. Rc4 Nd5 22. Qa1 Bf8 23. Nc3 Nxc3 24. Bxc3 {½-½ (43) Streltsyn,G (2106)-Zier,O (1895) Friedrichroda 2007}) 16... Qb5 17. Rfd1 (17. Nh4 $16) 17... Ne4 ({Black should play} 17... Nb4 $14) 18. Qd3 Nb4 $2 {[#]} (18... Qxd3 $16 19. exd3 Nc3) 19. Qxb5 $18 Ba6 20. Qd7 Rfe8 1-0

[Event "Stay Safe Play From Home 144"]
[Site "T#645981Emanuel Laske"]
[Date "2020.05.12"]
[Round "1"]
[White "Edmatuag"]
[Black "UHU4"]
[Result "0-1"]
[WhiteElo "1737"]
[BlackElo "1586"]
[Annotator "NA RC"]
[PlyCount "32"]
[EventDate "2020.05.12"]
[EventType "swiss (blitz)"]

1. e4 {[%emt 0:00:02]} e5 {[%emt 0:00:02]} 2. Nf3 {[%emt 0:00:02]} Nc6 {[%emt 0:00:03]} 3. Bb5 {[%emt 0:00:01]} a6 {[%emt 0:00:02]} 4. Ba4 {[%emt 0:00:01]} Bc5 {[%emt 0:00:04]} 5. O-O {[%emt 0:00:02]} Nf6 {[%emt 0:00:01]} 6. Nxe5 {[%emt 0:00:01]} Nxe5 {[%emt 0:00:02]} 7. d4 {[%emt 0:00:01]} Bxd4 {[%emt 0:00:08]} 8. Qxd4 {[%emt 0:00:02]} Nc6 {[%emt 0:00:09]} 9. Bxc6 {[%emt 0:00:13]} bxc6 {[%emt 0:00:04]} 10. e5 {[%emt 0:00:02]} Nd5 {[%emt 0:00:02]} 11. c4 {[%emt 0:00:02]} Ne7 {[%emt 0:00:02]} 12. e6 {[%emt 0:00:04]} dxe6 {[%emt 0:00:07]} 13. Qxg7 {[%emt 0:00:02]} Rg8 {[%emt 0:00:04]} 14. Qxh7 {[%emt 0:00:01]} Bb7 {[%emt 0:00:05]} 15. c5 {[%emt 0:00:18]} Qd5 {[%emt 0:00:02]} 16. Qh3 {[%emt 0:00:17]} O-O-O {[%emt 0:00:03]} 0-1

[Event "Stay Safe Play From Home 144"]
[Site "T#645981Emanuel Laske"]
[Date "2020.05.12"]
[Round "1"]
[White "Gibiz144"]
[Black "Haris kollari 13"]
[Result "0-1"]
[WhiteElo "1612"]
[BlackElo "1922"]
[Annotator "TA"]
[PlyCount "56"]
[EventDate "2020.05.12"]
[EventType "swiss (blitz)"]

{[%evp 9,56,-6,28,-73,0,-34,64,-54,6,-81,-65,-82,-89,-73,-85,-102,-73,-89,-77,-72,-56,-89,-94,-116,-65,-97,-89,-103,-97,-121,-82,-97,-104,-172,-17,-187,-160,-176,-172,-228,-149,-148,-155,-157,-147,-170,-200,-262,-118]} 1. d4 e6 2. Nf3 d5 3. Bg5 f6 4. Bh4 h5 {[#]} 5. h3 $146 ({Predecessor:} 5. Bg3 g5 6. h3 Bd6 7. Bxd6 Qxd6 8. c3 Nd7 9. Qc2 Ne7 10. e4 b6 11. Bd3 Bb7 12. exd5 Bxd5 {1-0 (33) Sharp,T (2031)-Jones,C (2173) Torquay 2002}) 5... Bd6 6. e3 {D02: 1 d4 d5 2 Nf3 sidelines, including 2...Nf6 3 g3 and 2...Nf6 3 Bf4.} (6. c4 $1 $11 {remains equal.}) 6... c6 (6... g5 $17 7. Bg3 Bxg3 8. fxg3 Qd6) 7. Bd3 Ne7 ({Better is} 7... g5 $15 8. Bg3 Bxg3 9. fxg3 Qd6) 8. c3 (8. Nbd2 $14) 8... Qc7 (8... Nf5 $15) 9. Qc2 (9. Nbd2 $11) 9... g5 $17 10. Bg3 Bxg3 11. fxg3 Qxg3+ 12. Qf2 Qxf2+ 13. Kxf2 Nd7 14. Nbd2 Nb6 15. b3 Bd7 16. Rac1 Rc8 ({Black should play} 16... O-O-O $17 17. c4 g4) 17. c4 O-O 18. Rhf1 Kg7 19. Kg1 Ng6 20. c5 Na8 21. e4 (21. Rf2 $17 {was worth a try.}) 21... Nc7 $2 {[#]} (21... Nf4 $19 22. Rc3 Be8 23. exd5 cxd5) 22. a4 $2 {Loses the game.} (22. e5 $11 {and White is okay.} Nf4 23. exf6+ Rxf6 24. Ne5) 22... g4 23. hxg4 hxg4 24. Nh2 (24. Ne1 $142) 24... dxe4 25. Nxe4 {Nd6 would now be nice for White.} f5 26. Nd6 Rb8 27. b4 Nd5 28. b5 Ngf4 {Accuracy: White = 37%, Black = 47%.} (28... Ne3 $19 {is more deadly.} 29. Rce1 Nxf1 30. Nxf1 Kf6) 0-1

[Event "Stay Safe Play From Home 144"]
[Site "T#645981Emanuel Laske"]
[Date "2020.05.12"]
[Round "2"]
[White "Lazieri3"]
[Black "Kongle"]
[Result "1-0"]
[WhiteElo "2086"]
[BlackElo "1859"]
[Annotator "TA"]
[PlyCount "67"]
[EventDate "2020.05.12"]
[EventType "swiss (blitz)"]

{[%evp 9,67,-46,-34,-50,-2,-15,-17,-30,147,136,136,141,136,132,220,219,291,300,284,242,250,105,144,83,107,0,0,-215,-187,-214,-229,-327,-332,-718,-678,-693,-728,-677,-704,-991,-941,-1456,-1470,-2303,-1132,-2291,-2246,-2512,-2411,-29986,-29987,-7884,-3564,-29990,-29991,-29990,-11424,-3840,-3458,-3633]} 1. e4 d5 2. Nc3 d4 3. Nce2 c5 4. d3 Nc6 5. g3 e5 6. Bg2 {[#] A00: Irregular Openings.} f5 $146 ({Predecessor:} 6... Bd6 7. f4 Nge7 8. Nf3 f6 9. O-O Be6 10. c3 Qc7 11. cxd4 cxd4 12. fxe5 fxe5 {1-0 (39) Muzychuk,A (2566)-Ushenina,A (2501) Beijing 2013}) 7. exf5 Bxf5 8. f4 {The position is equal.} e4 $2 ({Black should play} 8... Bd6 $11) 9. dxe4 $16 Bg4 10. h3 Bh5 11. Nf3 Nf6 (11... Qd7 $16 {was necessary.} 12. g4 Bf7) 12. e5 $18 Ne4 13. O-O Be7 14. Kh2 O-O 15. Qd3 (15. g4 $18 {and White stays clearly on top.} Bg6 16. f5) 15... Bg6 $16 {aiming for ...Nxg3!} 16. Qb3+ (16. Ne1 $142 Nb4 17. Qb3+ Kh8 18. a3) 16... Kh8 17. Qxb7 (17. Nd2 $16 c4 18. Qxc4 Nxd2 19. Bxd2) 17... Nb4 $1 $11 18. Nfg1 $2 {Black converts the advantage convincingly.} (18. Ne1 $11 {and White has nothing to worry.}) 18... Rb8 $19 19. Qxa7 Nxc2 20. Rb1 (20. g4 $142 Nxa1 21. f5) 20... d3 21. Nc3 $2 (21. f5 Bxf5 22. g4) 21... Nxc3 {[%mdl 64] [#] Pin} 22. Bd2 Nxb1 23. Rxb1 c4 24. Qa6 Qc7 25. b3 c3 26. Be3 d2 27. Bf2 Nb4 {[%mdl 64] [#] Discovered Attack} 28. Qf1 Bxb1 29. Qxb1 c2 30. Qf1 d1=Q 31. Be1 c1=Q 32. Nf3 Qd3 (32... Nd3 $142 33. Qg1 Nxe1 34. Ng5 Bxg5 35. h4 Nf3+ 36. Bxf3 Qxf3 37. fxg5 Qxg1+ {[%mdl 64] Overworked Piece} 38. Kxg1 Qxg3+ {[%mdl 64] Double Attack} 39. Kh1 Rf1#) 33. Qf2 Qdc2 34. Qg1 {[%mdl 32768] Accuracy: White = 37%, Black = 63%. . Loss on time!?} 1-0

[Event "Stay Safe Play From Home 144"]
[Site "T#645981Emanuel Laske"]
[Date "2020.05.12"]
[Round "2"]
[White "Don59as"]
[Black "Lucknow"]
[Result "1-0"]
[WhiteElo "2061"]
[BlackElo "1810"]
[Annotator "RC"]
[PlyCount "27"]
[EventDate "2020.05.12"]
[EventType "swiss (blitz)"]

1. c4 {[%emt 0:00:02]} c6 {[%emt 0:00:02]} 2. e4 {[%emt 0:00:02]} d5 {[%emt 0:00:01]} 3. cxd5 {[%emt 0:00:01]} cxd5 {[%emt 0:00:00]} 4. e5 {[%emt 0:00:00]} Bf5 {[%emt 0:00:02]} 5. Nf3 {[%emt 0:00:03]} Nc6 {[%emt 0:00:01]} 6. d4 {[%emt 0:00:01]} e6 {[%emt 0:00:02]} 7. Nc3 {[%emt 0:00:01]} Be7 {[%emt 0:00:06]} 8. Bd3 {[%emt 0:00:01]} Bxd3 {[%emt 0:00:01]} 9. Qxd3 {[%emt 0:00:01]} h5 {[%emt 0:00:01]} 10. O-O {[%emt 0:00:03]} Nh6 {[%emt 0:00:01]} 11. h3 {[%emt 0:00:02]} Nf5 {[%emt 0:00:05]} 12. Rd1 {[%emt 0:00:03]} Qb6 {[%emt 0:00:07]} 13. a3 {[%emt 0:00:04]} O-O {[%emt 0:00:17]} 14. Nxd5 {[%emt 0:00:02] Lucknow gibt auf (Lag: Av=0.38s, max=0.4s)} 1-0

[Event "Stay Safe Play From Home 144"]
[Site "T#645981Emanuel Laske"]
[Date "2020.05.12"]
[Round "2"]
[White "rohit2007"]
[Black "Mandy"]
[Result "1-0"]
[WhiteElo "1990"]
[BlackElo "975"]
[Annotator "TA"]
[PlyCount "19"]
[EventDate "2020.05.12"]
[EventType "swiss (blitz)"]

{[%evp 10,19,17,8,297,295,339,282,1068,1085,1697,1405]} 1. e4 c6 2. Nc3 d5 3. Nf3 Bg4 4. h3 Bh5 5. exd5 cxd5 6. Bb5+ Nd7 $2 {[%mdl 8192] B11: Caro-Kann: Two Knights Variation.} (6... Nc6 $11) 7. g4 $18 ({Less strong is} 7. Nxd5 e6 $16) 7... Bg6 {[#]} 8. Ne5 $1 {[#]} ({Weaker is} 8. Nxd5 a6 $14) 8... Bxc2 $146 (8... Ngf6 9. Nxd5 Be4) ({Predecessor:} 8... Ngf6 9. Nxd5 a6 10. Nxf6+ gxf6 11. Bxd7+ Qxd7 12. Nxd7 Kxd7 13. d3 e5 14. Qf3 Rc8 15. Qxf6 {1-0 (41) Stolzlechner,T (2037)-Hoelzl,B (1392) Playchess.com INT 2020}) 9. Qxc2 a6 10. Bxd7+ {Black did not feel at home in the position after the opening.} 1-0

[Event "Stay Safe Play From Home 144"]
[Site "T#645981Emanuel Laske"]
[Date "2020.05.12"]
[Round "2"]
[White "Haris kollari 13"]
[Black "Gmbasti"]
[Result "1-0"]
[WhiteElo "1927"]
[BlackElo "1633"]
[Annotator "TA"]
[PlyCount "55"]
[EventDate "2020.05.12"]
[EventType "swiss (blitz)"]

{[%evp 9,55,-4,35,55,67,61,37,28,39,37,37,10,33,-33,33,-8,97,13,14,0,59,53,58,15,345,347,375,378,376,377,459,441,460,459,594,597,606,511,506,505,579,589,580,585,583,559,1961,1532]} 1. e4 c5 2. Nf3 e6 3. d4 d5 4. dxc5 Bxc5 5. exd5 Qb6 6. Qe2 {[#] D02: 1 d4 d5 2 Nf3 sidelines, including 2...Nf6 3 g3 and 2...Nf6 3 Bf4.} Ne7 $146 ({Predecessor:} 6... Nf6 7. Qb5+ Kf8 8. Qxb6 axb6 9. dxe6 Bxe6 10. Nc3 Nc6 11. Bd3 Nb4 12. O-O Nfd5 {1-0 (49) Ruck,R (2574)-Balog,I (2423) Hungary 2008}) 7. dxe6 Bxe6 8. Qb5+ {White is slightly better.} Nbc6 9. Qxb6 axb6 10. Bb5 O-O {With the idea ...Nb4.} 11. a3 {[#]} (11. a4 $14) 11... Nd5 (11... Nb4 $1 $15 {[%mdl 512]} 12. Bd3 (12. axb4 Bxb4+) 12... Bf5) 12. O-O (12. c3 {is interesting.} Nc7 13. Be2 Rfe8 14. O-O b5 15. Nbd2) 12... Bg4 {[#]} (12... Ndb4 $11 13. axb4 Rxa1 14. bxc5 Rxb1 15. cxb6 Rc8) 13. Bxc6 (13. Nbd2 $1 $16) 13... bxc6 $11 14. Ne5 Be2 ({Better is} 14... Bf5 $11) 15. Re1 $36 {[%mdl 2048] White is pushing.} Bb5 16. c4 Bxc4 $2 {[%mdl 8192] This move loses the game for Black.} (16... f6 $11 17. cxd5 fxe5) 17. Nxc4 $18 Rfe8 18. Rxe8+ Rxe8 {[%cal Re8e1]} 19. Kf1 Nf6 20. Be3 {White is clearly winning.} Bxe3 21. Nxe3 c5 22. Nc3 h6 23. Ncd5 Nxd5 24. Nxd5 Re6 25. Re1 {And now Rxe6 would win.} Rd6 26. Rd1 {aiming for Ne7+.} Kh7 27. Ke2 Kg6 28. Nf4+ {Accuracy: White = 58%, Black = 35%.} 1-0

[Event "Stay Safe Play From Home 144"]
[Site "T#645981Emanuel Laske"]
[Date "2020.05.12"]
[Round "2"]
[White "matanant"]
[Black "Little champs"]
[Result "0-1"]
[WhiteElo "1616"]
[BlackElo "2145"]
[Annotator "RC"]
[PlyCount "120"]
[EventDate "2020.05.12"]
[EventType "swiss (blitz)"]

1. b3 {[%emt 0:00:02]} e6 {[%emt 0:00:03]} 2. Bb2 {[%emt 0:00:00]} Nf6 {[%emt 0:00:01]} 3. d3 {[%emt 0:00:05]} Be7 {[%emt 0:00:01]} 4. e4 {[%emt 0:00:01]} b6 {[%emt 0:00:01]} 5. f4 {[%emt 0:00:01]} O-O {[%emt 0:00:01]} 6. Nf3 {[%emt 0:00:00]} Bb7 {[%emt 0:00:01]} 7. c4 {[%emt 0:00:02]} d5 {[%emt 0:00:01]} 8. e5 {[%emt 0:00:01]} Ng4 {[%emt 0:00:01]} 9. Qc1 {[%emt 0:00:06]} dxc4 {[%emt 0:00:02]} 10. dxc4 {[%emt 0:00:02]} Bc5 {[%emt 0:00:03]} 11. Be2 {[%emt 0:00:08]} Nf2 {[%emt 0:00:09]} 12. Rf1 {[%emt 0:00:03]} Nd3+ {[%emt 0:00:01]} 13. Bxd3 {[%emt 0:00:02]} Qxd3 {[%emt 0:00:02]} 14. Qd2 {[%emt 0:00:03]} Qe4+ {[%emt 0:00:01]} 15. Qe2 {[%emt 0:00:26]} Qxf4 {[%emt 0:00:03]} 16. Nc3 {[%emt 0:00:03]} Na6 {[%emt 0:00:08]} 17. Bc1 {[%emt 0:00:03]} Qg4 {[%emt 0:00:09]} 18. a3 {[%emt 0:00:08]} Rad8 {[%emt 0:00:11]} 19. b4 {[%emt 0:00:06]} Bd4 {[%emt 0:00:01]} 20. Bd2 {[%emt 0:00:02]} Bxf3 {[%emt 0:00:06]} 21. Rxf3 {[%emt 0:00:04]} Qh4+ {[%emt 0:00:05]} 22. g3 {[%emt 0:00:03]} Qh5 {[%emt 0:00:04]} 23. Rd1 {[%emt 0:00:11]} Qxe5 {[%emt 0:00:03]} 24. Qxe5 {[%emt 0:00:02]} Bxe5 {[%emt 0:00:01]} 25. Nb5 {[%emt 0:00:01]} Ra8 {[%emt 0:00:12]} 26. Bc3 {[%emt 0:00:01]} Bxc3+ {[%emt 0:00:01]} 27. Rxc3 {[%emt 0:00:02]} c6 {[%emt 0:00:01]} 28. Nd6 {[%emt 0:00:04]} Rad8 {[%emt 0:00:01]} 29. Ne4 {[%emt 0:00:02]} Rxd1+ {[%emt 0:00:02]} 30. Kxd1 {[%emt 0:00:01]} Rd8+ {[%emt 0:00:00]} 31. Ke2 {[%emt 0:00:01]} h6 {[%emt 0:00:01]} 32. g4 {[%emt 0:00:02]} Kf8 {[%emt 0:00:01]} 33. h4 {[%emt 0:00:01]} Ke7 {[%emt 0:00:01]} 34. g5 {[%emt 0:00:01]} h5 {[%emt 0:00:01]} 35. Ke3 {[%emt 0:00:02]} Nc7 {[%emt 0:00:02]} 36. a4 {[%emt 0:00:03]} a6 {[%emt 0:00:02]} 37. a5 {[%emt 0:00:02]} bxa5 {[%emt 0:00:02]} 38. bxa5 {[%emt 0:00:01]} Rb8 {[%emt 0:00:02]} 39. Nc5 {[%emt 0:00:01]} Rb1 {[%emt 0:00:03]} 40. Rd3 {[%emt 0:00:01]} Ne8 {[%emt 0:00:21]} 41. Rd7+ {[%emt 0:00:03]} Kf8 {[%emt 0:00:01]} 42. Ra7 {[%emt 0:00:02]} Rc1 {[%emt 0:00:02]} 43. Nd7+ {[%emt 0:00:01]} Kg8 {[%emt 0:00:02]} 44. Ne5 {[%emt 0:00:00]} f6 {[%emt 0:00:02]} 45. Nxc6 {[%emt 0:00:05]} fxg5 {[%emt 0:00:02]} 46. hxg5 {[%emt 0:00:06]} Rxc4 {[%emt 0:00:02]} 47. Ne5 {[%emt 0:00:03]} Rc5 {[%emt 0:00:04]} 48. Kd4 {[%emt 0:00:02]} Rc8 {[%emt 0:00:01]} 49. g6 {[%emt 0:00:02]} Nf6 {[%emt 0:00:01]} 50. Re7 {[%emt 0:00:03]} h4 {[%emt 0:00:02]} 51. Rxe6 {[%emt 0:00:07]} h3 {[%emt 0:00:01]} 52. Nf3 {[%emt 0:00:04]} Rd8+ {[%emt 0:00:02]} 53. Kc4 {[%emt 0:00:03]} Rc8+ {[%emt 0:00:01]} 54. Kb3 {[%emt 0:00:03]} Rb8+ {[%emt 0:00:04]} 55. Ka4 {[%emt 0:00:02]} Kf8 {[%emt 0:00:05]} 56. Rxa6 {[%emt 0:00:01]} Rb1 {[%emt 0:00:01]} 57. Ra7 {[%emt 0:00:01]} Rf1 {[%emt 0:00:01]} 58. Rf7+ {[%emt 0:00:01]} Ke8 {[%emt 0:00:01]} 59. Nh2 {[%emt 0:00:01]} Rf2 {[%emt 0:00:04]} 60. Rxg7 {[%emt 0:00:00]} Rxh2 {[%emt 0:00:01] Time (Lag: Av=0.95s, max=1.9s)} 0-1

[Event "Stay Safe Play From Home 144"]
[Site "T#645981Emanuel Laske"]
[Date "2020.05.12"]
[Round "2"]
[White "UHU4"]
[Black "Chessencounter"]
[Result "0-1"]
[WhiteElo "1610"]
[BlackElo "2008"]
[Annotator "TA"]
[PlyCount "72"]
[EventDate "2020.05.12"]
[EventType "swiss (blitz)"]

{[%evp 9,72,-86,28,28,62,54,56,-50,44,-166,-178,-187,-190,-221,-220,-239,-234,-223,-215,-238,-231,-270,-285,-391,-128,-116,-115,-122,-118,-262,-213,-241,-248,-825,-310,-271,-237,-306,-230,-355,-328,-509,-506,-875,-875,-928,-939,-919,-927,-910,-901,-1016,-985,-978,-964,-1487,-1039,-29979,-29980,-29992,-29993,-29993,-29994,-29999,-29997]} 1. e4 e5 2. f4 d6 3. Nf3 Nc6 4. Bc4 h6 5. O-O Nf6 (5... exf4 $17 6. d4 g5) 6. d3 $11 {C30: King's Gambit Declined.} Bg4 7. c3 Qd7 {[#]} 8. f5 $146 ({Better is} 8. Bb5 $14) ({Predecessor:} 8. Bb5 Be7 9. Qa4 O-O 10. fxe5 Bxf3 11. exf6 Bxg2 12. fxe7 Bxf1 13. exf8=Q+ Kxf8 14. Kxf1 {0-1 (24) Calvo Gonzalez,J-Lopez Martin,I (1431) Madrid 2017}) 8... O-O-O (8... d5 $15 9. exd5 Nxd5) 9. Be3 $2 {[#]} (9. h3 $14 {keeps the upper hand.} Bxf3 10. Qxf3) 9... d5 $19 10. exd5 Nxd5 11. Bxd5 Qxd5 12. Qa4 Bc5 13. Bxc5 Qxc5+ 14. Kh1 Bxf5 15. b4 Qb6 16. b5 Ne7 $2 (16... Bxd3 $19 {and Black stays clearly on top.} 17. bxc6 Bxf1) 17. Nxe5 $17 Bxd3 18. Nxd3 Rxd3 19. c4 (19. Na3 $17) 19... f6 20. Qc2 Qd4 $40 {[%mdl 128] Black has strong attack.} 21. Qa4 $2 (21. a4) 21... Kb8 $2 (21... Qxa1 22. Qxa7 Qd4) 22. Na3 $19 Rd8 {White must now prevent ...Qb2.} 23. Rae1 {White wants to play b6.} Ng6 24. b6 (24. Nc2 {was worth a try.} Qh4 25. Ne3) 24... Qxb6 25. Nb5 (25. Rb1 $142 Qe6 26. Nb5) 25... a6 26. Nc3 (26. Na3 $142 Qb2 27. Nc2) 26... Rxc3 27. Re8 Rcd3 28. Rxd8+ Rxd8 29. Qc2 Ne5 30. a4 Qc6 31. c5 Rd5 32. Qh7 Rxc5 {[#] ...Rc1 is the strong threat.} 33. Qxg7 Rc1 {[%cal Rc1f1] Black mates.} 34. Qxf6 Qxf6 {[%cal Rc1f1]} 35. Rxc1 Nd3 36. Rxc7 Kxc7 {Accuracy: White = 23%, Black = 36%.} 0-1

[Event "Stay Safe Play From Home 144"]
[Site "T#645981Emanuel Laske"]
[Date "2020.05.12"]
[Round "3"]
[White "Little champs"]
[Black "Haris kollari 13"]
[Result "1-0"]
[WhiteElo "2147"]
[BlackElo "1933"]
[Annotator "TA"]
[PlyCount "45"]
[EventDate "2020.05.12"]
[EventType "swiss (blitz)"]

{[%evp 9,44,22,40,8,31,21,29,49,54,44,47,31,120,58,222,192,180,85,843,877,985,468,469,457,465,454,1481,1463,1696,1684,1697,1678,29988,29988,29988,29989,29999]} 1. g3 b6 2. Bg2 Nc6 3. d4 Bb7 {[#]} 4. e3 $146 ({Predecessor:} 4. Nf3 e6 5. c4 f5 6. d5 Nce7 7. Nc3 Nf6 8. O-O Ng6 9. Nd4 Bc5 10. dxe6 Bxg2 11. Kxg2 Bxd4 12. Qxd4 dxe6 13. Qxd8+ Kxd8 {1-0 (38) Sergeev,V (2444)-Vovk,O (2353) Lvov 2017}) 4... g6 5. c3 Bg7 6. Ne2 {A00: Irregular Openings.} h5 7. O-O h4 8. e4 {White has an edge.} hxg3 9. fxg3 e6 10. Nd2 Qg5 ({Black should try} 10... Nce7 $14) 11. Nf3 (11. Nc4 $16 Qe7 12. e5) 11... Qh5 $2 (11... Qe7 $1 $14) 12. Nf4 $18 Qh7 {[#]} 13. h4 (13. Ng5 $1 $18 {[%cal Rg5h7] is more deadly.} Qxh2+ {[%mdl 64] Double Attack} 14. Kf2) 13... Nce7 $2 {[%mdl 8192]} (13... Nh6 $16) 14. Ng5 Qh6 {[#]} 15. Qf3 (15. Nxf7 $142 $1 {[%mdl 512]} Qh7 (15... Kxf7 16. Nxe6+) 16. Ng5) 15... f6 {[#]} 16. Ngxe6 $1 {[%mdl 512]} dxe6 17. Nxe6 {[%mdl 64] Discovered Attack} Qh5 (17... g5 $142 18. Nxc7+ Kd7) 18. Nxg7+ Kf7 19. Nxh5 gxh5 20. Bg5 Re8 21. Bxf6 {White mates.} Rh6 22. Bg5+ {[%mdl 64] Discovered Attack} Kg6 23. Qf7# {Accuracy: White = 54%, Black = 34%.} 1-0

[Event "Stay Safe Play From Home 144"]
[Site "T#645981Emanuel Laske"]
[Date "2020.05.12"]
[Round "3"]
[White "Chessencounter"]
[Black "Don59as"]
[Result "1-0"]
[WhiteElo "2011"]
[BlackElo "2068"]
[Annotator "RC"]
[PlyCount "69"]
[EventDate "2020.05.12"]
[EventType "swiss (blitz)"]

1. e4 {[%emt 0:00:01]} e5 {[%emt 0:00:01]} 2. Nf3 {[%emt 0:00:01]} Nc6 {[%emt 0:00:01]} 3. Bb5 {[%emt 0:00:01]} f5 {[%emt 0:00:01]} 4. Nc3 {[%emt 0:00:02]} Nf6 {[%emt 0:00:01]} 5. d4 {[%emt 0:00:04]} fxe4 {[%emt 0:00:03]} 6. Nxe5 {[%emt 0:00:01]} Be7 {[%emt 0:00:01]} 7. Bc4 {[%emt 0:00:02]} Rf8 {[%emt 0:00:12]} 8. Nxe4 {[%emt 0:00:23]} Nxe5 {[%emt 0:00:05]} 9. Nxf6+ {[%emt 0:00:03]} Bxf6 {[%emt 0:00:13]} 10. dxe5 {[%emt 0:00:03]} Qe7 {[%emt 0:00:02]} 11. O-O {[%emt 0:00:08]} Bxe5 {[%emt 0:00:05]} 12. Re1 {[%emt 0:00:01]} Kd8 {[%emt 0:00:20]} 13. Bd2 {[%emt 0:00:32]} Bxh2+ {[%emt 0:00:28]} 14. Kf1 {[%emt 0:00:27]} Qc5 {[%emt 0:00:12]} 15. Qe2 {[%emt 0:00:04]} Bg3 {[%emt 0:00:26]} 16. Be3 {[%emt 0:00:05]} Qf5 {[%emt 0:00:08]} 17. Kg1 {[%emt 0:00:05]} Be5 {[%emt 0:00:07]} 18. Bd3 {[%emt 0:00:06]} Qf6 {[%emt 0:00:07]} 19. Qg4 {[%emt 0:00:06]} d6 {[%emt 0:00:06]} 20. Qh5 {[%emt 0:00:01]} g6 {[%emt 0:00:02]} 21. Qh6 {[%emt 0:00:03]} Bf4 {[%emt 0:00:12]} 22. Bxf4 {[%emt 0:00:02]} Qxf4 {[%emt 0:00:00]} 23. Qxf4 {[%emt 0:00:01]} Rxf4 {[%emt 0:00:02]} 24. g3 {[%emt 0:00:00]} Rf8 {[%emt 0:00:02]} 25. Re3 {[%emt 0:00:01]} Bd7 {[%emt 0:00:00]} 26. Rae1 {[%emt 0:00:00]} c6 {[%emt 0:00:00]} 27. c3 {[%emt 0:00:01]} Re8 {[%emt 0:00:00]} 28. Rxe8+ {[%emt 0:00:01]} Bxe8 {[%emt 0:00:00]} 29. f4 {[%emt 0:00:00]} Bd7 {[%emt 0:00:01]} 30. Kf2 {[%emt 0:00:01]} Bf5 {[%emt 0:00:01]} 31. Rh1 {[%emt 0:00:00]} h5 {[%emt 0:00:02]} 32. Bxf5 {[%emt 0:00:00]} gxf5 {[%emt 0:00:00]} 33. Rxh5 {[%emt 0:00:00]} Kc7 {[%emt 0:00:00]} 34. Rh7+ {[%emt 0:00:01]} Kb6 {[%emt 0:00:00]} 35. Rf7 {[%emt 0:00:01] Time} 1-0